| 000 | 01546nac a22003977a 4500 | ||
|---|---|---|---|
| 001 | BR8402271 | ||
| 003 | BR-BrBNA | ||
| 005 | 20240105120015.0 | ||
| 008 | 230509b bl.|||m| |||| 00| 0 por d | ||
| 040 |
_aBR-BrBNA _bpor _cBiblioteca Nacional de Agricultura |
||
| 072 | _aF25 | ||
| 090 | _a1930 BR8402271 | ||
| 100 | 1 | _aAragao, W.M. | |
| 100 | 1 | _aSilva, V.R. da | |
| 100 | 1 | _aCaroso, G.F. | |
| 100 | 1 | _aSobral, L.F. | |
| 100 | 1 | _aSobral, J. do P. | |
| 110 | 1 |
_aUnidade de Execucao de Pesquisa de Ambito Estadual de Aracaju, SE (Brasil) _910344 |
|
| 245 | 1 | _aEfeito de niveis de fosforo e de fosforo mais calagem na consorciacao do sempre verde com tres leguminosas tropicais [Panicum maximum, Centrosema pubescens, Macroptilium atropurpureum, solo, adubacao, Sergipe, Brasil] | |
| 246 | 1 | _a[Effect of phosphorus levels and phosphorus plus liming in associating Panicum maximum with three leguminosae [Centrosema pubescens, Macroptilium atropurpureum, soil, fertilization, Sergipe, Brazil]] | |
| 260 | 3 |
_aAracaju, SE (Brasil): _c1984. |
|
| 300 | _a6 p. | ||
| 490 |
_aComunicado Tecnico - Unidade de Execucao de Pesquisa de Ambito Estadual de Aracaju (Brazil) _vno. 15 _xISSN 0100-4867 |
||
| 650 | _aPASTAGEM CONSORCIADA | ||
| 650 | _aCAPIM COLONIAO | ||
| 650 | _aCENTROSEMA | ||
| 650 | _aSIRATRO | ||
| 650 | _aSOJA PERENE | ||
| 650 | _aFOSFORO | ||
| 650 | _aCALCARIO | ||
| 650 | _aCALAGEM | ||
| 650 | _aADUBACAO | ||
| 650 | _aSERGIPE | ||
| 909 |
_a202312 _bLúcia Elande _c55 _dLúcia Elande |
||
| 942 |
_2AGRIS _n0 _cMS |
||
| 999 |
_c277480 _d277480 |
||